| 000 | 00574nam a22001937a 4500 | ||
|---|---|---|---|
| 005 | 20180809125932.0 | ||
| 010 | _aB-701228 | ||
| 020 |
_a9789387775777 _c400.00 |
||
| 035 | _aB-701228 | ||
| 037 |
_aDPL _bDBAD |
||
| 082 | _a507.8 | ||
| 100 | _aKapoor, Rashmi | ||
| 245 | _a85 science projects / | ||
| 260 |
_aNew Delhi _bAkashdeep Pub. _c2016 |
||
| 270 |
_a1/1079 E, Mehrauli, _bNew Delhi _e110030 |
||
| 300 |
_a96p. _c25cm(Hb) |
||
| 942 |
_2ddc _cCH _mKAP _h507.8 |
||
| 999 |
_c155703 _d155703 |
||